LEADER 00752naa a2200157 i 4500 001 000000295501 003 CaOOAMICUS 005 20180831172527.0 008 180831n xx u000 u und u 013 $a2796 040 $aSeMil$bita 100 1 $aDíaz Moreno, José María,$c.$0(OLS)http://semarc/name/85012 245 10$aPablo 6. y las relaciones Iglesia-Estado en España :$bnotas sobre el decenio 1968-1978. 650 4$aSpagna - Storia - Sec. 20.$0(OLS)http://semarc/subject/6369 773 0 $tPablo 6. y España.$dBrescia : Istituto Paolo 6., 1996.$kPubblicazioni dell'Istituto Paolo 6.$z88-382-3738-7$gp.50-54$w()47745 996 $6245$aPablo 6. y las relaciones Iglesia-Estado en España :$bnotas sobre el decenio 1968-1978$9(OLS)http://semarc/title/371561 LEADER 00591naa a2200157 i 4500 001 000000302399 003 CaOOAMICUS 005 20180831172740.0 008 180831n xx u000 u und u 013 $a10134 040 $aSeMil$bita 100 1 $aZana, Emidio.$0(OLS)http://semarc/name/86815 245 10$aPaolo 6. e la riforma liturgica. 650 4$aPaolo VI - Liturgia.$0(OLS)http://semarc/subject/9933 773 0 $aPaulus VI $tPaolo 6. e Brescia.$dBrescia : La Scuola, 1971.$w()36227 996 $6245$aPaolo 6. e la riforma liturgica$9(OLS)http://semarc/title/378381 LEADER 00907nam a2200229 i 4500 001 000000071131 003 CaOOAMICUS 005 20120713000000.0 008 120713s1980 it u000 u ita u 013 $a42303 040 $aSeMil$bita 245 10$aComplementi di morale generale. 300 $a254 p. 490 0 $aTeologia. Strumenti 650 4$aTeologia morale - Manuali.$0(OLS)http://semarc/subject/610 700 1 $aChiavacci, Enrico <1926-2013>.$0(OLS)http://semarc/name/1469 773 0 $aChiavacci, Enrico <1926-2013>$tTeologia morale.$dAssisi : Cittadella, 1980-1998.$kTeologia. Strumenti$g2$w()1628 830 0$aTeologia. Strumenti.$0(OLS)http://semarc/title/16496 850 $aSeMil 852 $aSeMil$W1$xVenegono$y1$m2E V 163$j37284$B37284$CSeMilBibl$Z2$F37287 $81 961 $aOmaggio: Cozzi don Alberto 996 $6245$aComplementi di morale generale$9(OLS)http://semarc/title/114357 LEADER 01229nam a2200265 i 4500 001 000000124633 003 CaOOAMICUS 005 20250516123543.0 008 040325s1909 be u000 u lat u 013 $a97330 040 $aSeMil$bita 100 1 $aPoncelet, Albert .$0(OLS)http://semarc/name/27762 245 10$aCatalogus codicum hagiographicorum latinorum bibliothecarum romanarum praeter quam Vaticanae /$cAlbertus Poncelet. 260 $aBruxellis :$bApud Editores,$c1909. 300 $a521 p. 490 0 $aSubsidia hagiographica ;$v9 500 $aProdiit in appendice ad Analecta Bollandiana tom. 14.-28. 650 4$aAgiografia - Codici - Cataloghi.$0(OLS)http://semarc/subject/24167 650 4$aRoma - Biblioteche - Cataloghi.$0(OLS)http://semarc/subject/24087 830 0$aSubsidia hagiographica ;$v9.$0(OLS)http://semarc/title/570 850 $aSeMil 852 $aSeMil$W1$xVenegono$y1$mSL1.S II 9$j79175$B79175$CSeMilBibl$Z2$F81321 $8I 996 $6245$aCatalogus codicum hagiographicorum latinorum bibliothecarum romanarum praeter quam Vaticanae$9(OLS)http://semarc/title/183421 996 $6260$aBruxellis :$bApud Editores$9(OLS)http://semarc/publisher/44709 LEADER 01129nam a2200265 4500 001 000000360047 003 CaOOAMICUS 005 20240930153545.0 008 240930s1981 gw 000 u ger r 020 $a3-534-07259-6 040 $aSeMil$bita 245 00$a2 /$cheraugegeben von Carl Andresen. 264 1$aDarmstadt :$bWissenschaftliche Buchgesellschaft,$c1981. 300 $aVI, 367 p. ;$c20 cm 490 1 $aWege der Forschung ;$v327 700 1 $aAndresen, Carl,$d<1909-1985>.$0(OLS)http://semarc/name/4002 773 0 $tZum Augustin-Gesprach der Gegenwart.$dDarmstadt : Wissenschaftliche Buchgesellschaft, 1962-1981.$g1$w()360045 830 0$aWege der Forschung ;$v327.$0(OLS)http://semarc/title/24352 850 $aSeMil 852 $aSeMil$W1$xVenegono$y1$m2S I 107$j251110$B251082$CSeMilBibl$Z2$F251082 $81 961 $aBuzzi mons. Franco - Omaggio 996 $6020$a3-534-07259-6$9(OLS)http://semarc/number/301363 996 $6245$a2$9(OLS)http://semarc/title/46890 996 $6264$aDarmstadt :$bWissenschaftliche Buchgesellschaft$9(OLS)http://semarc/publisher/32002 LEADER 00508nab a2200145 i 4500 001 000000314496 003 CaOOAMICUS 005 20180831173132.0 008 180831n xx uu u0 0und r 013 $a23583 040 $aSeMil$bita 100 1 $aRimoldi, Antonio .$0(OLS)http://semarc/name/204 245 13$aLa Scuola Superiore di Scienze Storiche a Verona. 773 0 $t[Gennaio-Dicembre].$g167$w()273884 996 $6245$aLa Scuola Superiore di Scienze Storiche a Verona$9(OLS)http://semarc/title/388664